| 000 | 00541nam a22001937a 4500 | ||
|---|---|---|---|
| 001 | 00028736 | ||
| 005 | 20260414135254.0 | ||
| 008 | 260409b ag ||||| |||| 00| 0 spa d | ||
| 020 | _a9789870709350 | ||
| 040 |
_bspa _cAR-CcCEOS |
||
| 080 | _a950 | ||
| 090 | _bCOL | ||
| 100 |
_aPABLO COLAZO _91038 |
||
| 245 |
_aHistoria ilustrada para los chicos de hoy : _bTomo 7 : la edad media / _cPablo Colazo |
||
| 260 |
_aBuenos Aires : _bArte Gráfico, _c2010. |
||
| 300 |
_av. 7, 48 p. ; _c27x23 cm. |
||
| 650 | 0 | _ahistoria | |
| 942 |
_2udc _cBK |
||
| 999 |
_c28771 _d28771 |
||
| 945 |
_c66467 _dMelina Rolando |
||